000 00546nam a2200181Ia 4500
008 100917s9999 xx 000 0 und d
082 _b11826
100 _aटिकेकर ग. रा.
245 _aपिवळ्या दारापलिकडे
260 _bगोळे लिला
_c1970
300 _a120
365 _b4
520 _aकथा
630 _aपिवळ्या दारापलिकडे
650 _aकथा
730 _aपिवळ्या दारापलिकडे
942 _cBOOK
999 _c617220
_d617217